হোসেন শাহী আমলে বাংলা ১৪৯৪-১৫৩৮: (Record no. 26001)
[ view plain ]
| 000 -LEADER | |
|---|---|
| fixed length control field | 00886nam a22001937a 4500 |
| 003 - CONTROL NUMBER IDENTIFIER | |
| control field | BDDh-ASL |
| 005 - DATE AND TIME OF LATEST TRANSACTION | |
| control field | 20231015030602.0 |
| 008 - FIXED-LENGTH DATA ELEMENTS--GENERAL INFORMATION | |
| fixed length control field | 210922s2001 b ||||| |||| 00| 0 b d |
| 040 ## - CATALOGING SOURCE | |
| Transcribing agency | BDDh-ASL |
| 082 ## - DEWEY DECIMAL CLASSIFICATION NUMBER | |
| Classification number | 954.92 |
| Item number | TAH |
| 100 1# - MAIN ENTRY--PERSONAL NAME | |
| 9 (RLIN) | 873 |
| Personal name | তরফদার, মমতাজুর রহমান |
| 245 00 - TITLE STATEMENT | |
| Title | হোসেন শাহী আমলে বাংলা ১৪৯৪-১৫৩৮: |
| Remainder of title | একটি সামাকিজ রাজনৈতিক পর্যেষণা / |
| 246 ## - VARYING FORM OF TITLE | |
| Title proper/short title | Husain Shahi Amale Bangla (1494-1538) |
| 260 ## - PUBLICATION, DISTRIBUTION, ETC. | |
| Place of publication, distribution, etc. | ঢাকা: |
| Name of publisher, distributor, etc. | বাংলা একাডেমি, |
| Date of publication, distribution, etc. | ২০০১। |
| 300 ## - PHYSICAL DESCRIPTION | |
| Extent | ৩১২ পৃষ্ঠা, : |
| Dimensions | ২২ সে. মি. |
| 504 ## - BIBLIOGRAPHY, ETC. NOTE | |
| Bibliography, etc. note | নিঘন্ট ও গ্রন্থপঞ্জি সংযুক্ত। |
| 650 #0 - SUBJECT ADDED ENTRY--TOPICAL TERM | |
| 9 (RLIN) | 1349 |
| Topical term or geographic name entry element | History |
| General subdivision | Political Science |
| -- | Social Science |
| 942 ## - ADDED ENTRY ELEMENTS (KOHA) | |
| Source of classification or shelving scheme | Dewey Decimal Classification |
| Koha item type | Books |
| Withdrawn status | Lost status | Source of classification or shelving scheme | Damaged status | Not for loan | Collection code | Home library | Current library | Shelving location | Date acquired | Source of acquisition | Total Checkouts | Full call number | Barcode | Date last seen | Copy number | Price effective from | Koha item type |
|---|---|---|---|---|---|---|---|---|---|---|---|---|---|---|---|---|---|
| Dewey Decimal Classification | Non-fiction | Asiatic Society Library | Asiatic Society Library | General Stacks | 09/22/2021 | ASB Collection | 954.92 TAH | 111886 | 09/22/2021 | C-1 | 09/22/2021 | Books |